000 00969nam a22003137a 4500
003 CHAP
005 20220817044153.0
008 070615d2006 it rn 00110 eng d
010 _a93738
011 _a94710
020 _a9789251056257
035 _a105305
040 _cCHAP
082 0 4 _a333.717026
_bF27 v.93
110 2 _aFAO
245 1 0 _aIntegrated coastal management law :
_bestablishing and stregthening national legal frameworks for integrated coastal management
_c/por Cormac Cullinan
260 _aRome :
_bFAO,
_c2006
300 _a262 p.
410 2 0 _aFAO
490 0 _aFAO. Estudio legislativo
_v; 93
590 _aBATCH-UPD
_b10
_c20130110
_lUCH01
_h0738
590 _aCONVERSION
_b10
_c20130109
_lUCH01
_h1352
700 0 _aCullinan, Cormac.
_930207
810 0 _aFAO
830 0 0 _aFAO. Estudio legislativo
_v; 93
_939542
901 _aBK
942 _cLIBRO
949 _a333.717026 F27y v.93
_bBC
_cFAO
_d33724002022462
_eFAO1
_h108691
_i105305
_sb
999 _c93738
_d93738